LIBRARY ONLINE CATALOGUE

A history of nursing in Kenya / (Record no. 9365)

MARC details
000 -LEADER
fixed length control field 00666cam a22002172 4500
001 - CONTROL NUMBER
control field 0000020497
005 - DATE AND TIME OF LATEST TRANSACTION
control field 20151217152216.0
008 - FIXED-LENGTH DATA ELEMENTS--GENERAL INFORMATION
fixed length control field 110920s xx 000 0 eng d
040 ## - CATALOGING SOURCE
Original cataloging agency KABU
Transcribing agency KABU
100 1# - MAIN ENTRY--PERSONAL NAME
Personal name Ndirangu, Simon.
-- 0000180918
245 12 - TITLE STATEMENT
Title A history of nursing in Kenya /
Statement of responsibility, etc. Simon Ndirangu.
250 ## - EDITION STATEMENT
Edition statement 1st ed.
260 ## - PUBLICATION, DISTRIBUTION, ETC. (IMPRINT)
Place of publication, distribution, etc. Nairobi :
Name of publisher, distributor, etc. KLB,
Date of publication, distribution, etc. 1982.
300 ## - PHYSICAL DESCRIPTION
Extent xii, 152 p.
650 #0 - SUBJECT ADDED ENTRY--TOPICAL TERM
Topical term or geographic name as entry element Nursing
General subdivision History
Geographic subdivision Kenya.
-- 0000180919
650 #0 - SUBJECT ADDED ENTRY--TOPICAL TERM
Topical term or geographic name as entry element Public health
General subdivision History
Geographic subdivision Kenya.
-- 0000180920
650 #0 - SUBJECT ADDED ENTRY--TOPICAL TERM
Topical term or geographic name as entry element Medical care
General subdivision History
Geographic subdivision Kenya.
-- 0000180921
852 1# - LOCATION
-- p197 KES
908 ## - PUT COMMAND PARAMETER (RLIN)
Put command parameter 110920
950 ## - LOCAL HOLDINGS (RLIN)
-- 1
Holdings
Withdrawn status Lost status Source of classification or shelving scheme Not for loan Home library Current library Date acquired Total Checkouts Full call number Barcode Date last seen Date last checked out Price effective from Koha item type
    Library of Congress Classification   Kabarak, Main Campus Kabarak, Main Campus 17/12/2015 1 RT14 .K4N35 1982 c.1 21406 13/02/2019 28/01/2019 17/12/2015 General Collection